| 000 | 01434 a2200217 4500 | ||
|---|---|---|---|
| 001 | 2288 | ||
| 005 | 20260407155423.0 | ||
| 008 | 260407a2008 arg spa d | ||
| 003 | AR-UNSa-BCEJYS | ||
| 040 |
_aAR-UNSa-BCEJYS _bspa _cAR-UNSa-BCEJYS |
||
| 080 |
_a351 _xFunciones propias de la administración pública |
||
| 245 | 1 | 0 | _aResponsabilidad extracontractual de la administración pública |
| 020 | _a978-950-727-949-2 | ||
| 264 | 1 |
_aBuenos Aires : _bRubinzal-Culzoni Editores _c2008 |
|
| 300 |
_a582 p. _c22 cm. |
||
| 505 | _a1. La evolución de la responsabilidad patrimonial del Estado - 2. El fundamento de la responsabilidad del Estado - 3. Caracteres de la responsabilidad patrimonial de la administración pública - 4. Régimen jurídico de la responsabilidad patrimonial de la administración pública - 5. Los presupuestos de la responsabilidad patrimonial de la administración pública - 6. Causas de imputación de responsabilidad a la administración pública. Las normas aplicables en el derecho argentino - 7. Régimen aplicable a la responsabilidad de la administración por daños con intervención de bienes públicos de uso común | ||
| 942 | _cBK | ||
| 590 | _aniveau_biblio:m niveau_hierar:0 | ||
| 100 | 1 | _aAmenábar, María del Pilar | |
| 856 | 4 | 1 |
_uhttps://biblioeco.unsa.edu.ar/pmb/images/libros/Responsabilidad extracontractual de la administracion publica-l118259.jpg _yImagen de portada _qimage/jpeg |
| 999 |
_c263 _d263 |
||